01632nam a2200361 i 4500003000900000005001700009008004100026017001100067020001500078040004600093041000800139082002600147092000700173099004300180100004400223245010900267250003000376264006700406300003100473336002200504337002400526338003300550504006000583546011600643650003500759651001000794856005700804905001300861942001900874999001700893952018100910952017901091EG-GICUC20260327173537.0251218s1985 ua ||||f |||| 00| 0 ara d a853237 a9772380072 a EG-GICUCbarac EG-GICUCd EG-GICUCerda aara04221a343.6bا ح . ع04221 aLaw1 10 343.6 ا ح . ع 1 ed - 1985 0 aاحمد عوض بلال،eمؤلف.10aعلم الإجرام :bالنظرية العامة والتطبيقات /cاحمد عوض بلال. aالطبعة الاولى 1aالقاهرة : bدار النهضة العربية،c1985. a؛ 559 صفحة c24 سم. 2rda contentatext 2rda mediaaComputer 2rda carrieraOnline Resource aيحتوي على ارجاعات ببليوجرافية aالنص أغلبه باللغة العربية بعض النصوص الإنجليزية والفرنسية14aعلم الإجرام2qrmak1 2qrmak40uhttps://fll.law.cu.edu.eg/fulltext/bks/B10-07185.pdf a75eYara 2ddccBKe21n0 c51753d51753 00102ddc40718القانون الجنائيaCUbLAW1d2025-12-18l0oLaw1 10 343.6 ا ح . ع 1 ed - 1985 1007185 C1pB10-07185.r2025-12-18 21:02:17t1w2025-12-18yBK 00102ddc40708القانون الجنائيaCUbLAW1d2026-01-16l0oLaw1 10 343.6 ا ح . ع 1 ed - 1985 1007929 C2pB10-07929r2026-01-16 12:32:00t2w2026-01-16yBK